000 00597nam a2200241Ia 4500
003 OSt
005 20221005124043.0
006 a|||||r|||| 00| 0
007 ta
008 221004b |||||||| |||| 00| 0 eng d
024 _a65251
037 _cTextual
040 _aCRL
_cCRL
_beng
041 _2eng
_aeng
082 _aX:3M24xM18, J71
100 _aSabine George H.
245 0 _aMarxism
260 _c1957
490 _aTelluride lectures, 1957/1958.
650 _aECONOMICS
942 _hX:3M24xM18, J71
_cTEXL
_2cc
999 _c1049321
_d1049321